[Event "BL 2018-19"]
[Site "Berlin"]
[Date "2019.04.07"]
[Round "15.4"]
[White "Sprenger, Jan Michael"]
[Black "Ftacnik, Lubomir"]
[Result "1-0"]
[WhiteElo "2490"]
[BlackElo "2512"]
[Annotator "ChessBase"]
[PlyCount "55"]
[EventDate "2018.11.10"]
[EventType "team-tourn"]
[EventCountry "GER"]
[SourceTitle "playchess.com"]
[Source "ChessBase"]
[SourceQuality "1"]
[WhiteTeam "SF Berlin"]
[BlackTeam "Hamburg SK"]
[TimeControl "40/6000+30:3000+30"]

1. e4 {[%emt 0:00:00]} c5 {[%emt 0:00:00]} 2. Nf3 {[%emt 0:00:00]} d6 {[%emt 0:00:00]} 3. d4 {[%emt 0:00:00]} cxd4 {[%emt 0:00:00]} 4. Nxd4 {[%emt 0:00:00]} Nf6 {[%emt 0:00:08]} 5. Nc3 {[%emt 0:00:00]} a6 {[%emt 0:00:15]} 6. h3 {[%emt 0:00:07]} e5 {[%emt 0:00:26]} 7. Nde2 {[%emt 0:00:06]} Be7 {[%emt 0:02:34]} 8. g4 {[%emt 0:00:51]} h6 {[%emt 0:04:22]} 9. Bg2 {[%emt 0:01:46]} Nbd7 {[%emt 0:02:45]} 10. O-O {[%emt 0:08:44]} b5 {[%emt 0:01:35]} 11. Ng3 {[%emt 0:03:36]} g6 {[%emt 0:02:37]} 12. f4 {[%emt 0:03:09]} Bb7 {[%emt 0:14:17]} 13. g5 {[%emt 0:19:03]} hxg5 {[%emt 0:14:52]} 14. fxg5 {[%emt 0:00:08]} Nh5 {[%emt 0:02:26]} 15. Nxh5 {[%emt 0:09:34]} Rxh5 {[%emt 0:00:08]} 16. Qf3 {[%emt 0:00:09]} Rh7 {[%emt 0:00:09]} 17. h4 {[%emt 0:01:54]} Rc8 {[%emt 0:15:30]} 18. Rf2 {[%emt 0:03:14]} b4 {[%emt 0:12:23]} 19. Nd5 {[%emt 0:00:19]} Bxd5 {[%emt 0:02:00]} 20. exd5 {[%emt 0:00:04]} Qa5 {[%emt 0:08:03]} 21. h5 {[%emt 0:31:06]} gxh5 {[%emt 0:12:05]} 22. Bh3 {[%emt 0:02:10]} Rc7 {[%emt 0:01:05]} 23. Be6 {[%emt 0:06:20]} fxe6 {[%emt 0:09:02]} 24. dxe6 {[%emt 0:00:09]} Nf8 {[%emt 0:01:23]} 25. Qa8+ {[%emt 0:00:41]} Bd8 {[%emt 0:00:01]} 26. Rxf8+ {[%emt 0:00:09]} Kxf8 {[%emt 0:00:02]} 27. Qxd8+ {[%emt 0:00:08]} Kg7 {[%emt 0:00:03]} 28. Be3 {[%emt 0:04:47]} 1-0

[Event "BL 2018-19"]
[Site "Berlin"]
[Date "2019.04.07"]
[Round "15.4"]
[White "Ginsburg, Gennadi"]
[Black "Zysk, Robert"]
[Result "1/2-1/2"]
[WhiteElo "2418"]
[BlackElo "2404"]
[Annotator "NA RC"]
[PlyCount "119"]
[EventDate "2018.11.10"]
[EventType "team-tourn"]
[EventCountry "GER"]
[SourceTitle "playchess.com"]
[Source "ChessBase"]
[SourceQuality "1"]
[WhiteTeam "SV Hofheim"]
[BlackTeam "Zugzwang Muenchen"]
[TimeControl "40/6000+30:3000+30"]

1. e4 {[%emt 0:00:20]} g6 {[%emt 0:00:39]} 2. d4 {[%emt 0:00:23]} Bg7 {[%emt 0:00:06]} 3. Nc3 {[%emt 0:01:14]} d6 {[%emt 0:00:05]} 4. h3 {[%emt 0:01:29]} a6 {[%emt 0:03:05]} 5. a4 {[%emt 0:07:29]} b6 {[%emt 0:02:22] B06: Modern Defence} 6. Nf3 {[%emt 0:01:33] LiveBook: 27 Games} (6. g4 Bb7 7. Bg2 e6 8. Nge2 Nd7 9. Be3 h5 10. Rg1 hxg4 11. hxg4 c5 12. Qd2 Ne7 13. f4 cxd4 14. Nxd4 {½-½ (32) Chigaev,M (2542)-Dubov,D (2666) Kolomna 2016}) 6... Bb7 {[%emt 0:01:56]} 7. Bc4 {[%emt 0:00:51]} e6 {[%emt 0:00:11]} 8. Bg5 {[%emt 0:03:25]} Ne7 {[%emt 0:00:51]} 9. Qd2 {[%emt 0:01:23]} h6 {[%emt 0:00:54]} 10. Bf4 {[%emt 0:10:58]} Nd7 {[%emt 0:01:01]} 11. O-O {[%emt 0:02:01]} Nf6 {[%emt 0:14:54]} 12. Rfe1 {[%emt 0:02:49]} g5 {[%emt 0:01:40]} 13. Bh2 {[%emt 0:01:41]} g4 {[%emt 0:05:24]} 14. hxg4 {[%emt 0:15:28]} Nxg4 {[%emt 0:00:19]} 15. Nd1 $146 {[%emt 0:03:30]} ({Predecessor:} 15. Bg3) 15... Ng6 {[%emt 0:05:37]} 16. d5 $1 {[%emt 0:08:25]} e5 {[%emt 0:06:25]} 17. Ne3 {[%emt 0:03:55]} Nxe3 {[%emt 0:15:00]} 18. Qxe3 {[%emt 0:00:20]} h5 {[%emt 0:01:43]} 19. a5 {[%emt 0:00:14]} b5 {[%emt 0:00:34]} 20. Bf1 {[%emt 0:00:29]} Bh6 {[%emt 0:06:38]} 21. Qb3 {[%emt 0:00:30]} Bc8 {[%emt 0:02:05]} 22. c4 {[%emt 0:01:14]} bxc4 {[%emt 0:02:07]} 23. Qxc4 {[%emt 0:00:07]} O-O {[%emt 0:04:15]} 24. Ra3 {[%emt 0:01:01]} f6 {[%emt 0:05:55]} 25. Re2 {[%emt 0:06:04]} Rf7 {[%emt 0:03:08]} 26. Rc2 {[%emt 0:00:47]} Rg7 {[%emt 0:02:04]} 27. Rb3 {[%emt 0:03:34]} Bg4 {[%emt 0:04:10]} 28. Rcc3 {[%emt 0:06:31]} Bf4 {[%emt 0:15:29]} (28... Qc8 $11 {remains equal.}) 29. Rb7 {[%emt 0:04:09]} Bxf3 {[%emt 0:00:34]} 30. Rxf3 {[%emt 0:00:54]} Qc8 {[%emt 0:00:46]} 31. Qc6 {[%emt 0:02:40]} Rb8 {[%emt 0:02:47]} 32. Rxb8 {[%emt 0:04:58]} Qxb8 {[%emt 0:00:02]} 33. b3 {[%emt 0:00:32]} Qb4 {[%emt 0:01:37]} 34. Bxf4 {[%emt 0:08:44]} Nxf4 {[%emt 0:00:21]} 35. Rxf4 {[%emt 0:05:01]} exf4 {[%emt 0:00:05]} 36. Qe8+ {[%emt 0:01:41]} Kh7 {[%emt 0:00:06]} 37. e5 {[%emt 0:00:28]} Qe4 {[%emt 0:01:56]} 38. Qxh5+ {[%emt 0:00:26]} Kg8 {[%emt 0:00:03]} 39. Qe8+ {[%emt 0:01:09]} Kh7 {[%emt 0:00:05]} 40. Qh5+ {[%emt 0:00:27]} Kg8 {[%emt 0:00:05]} 41. exf6 {[%emt 0:04:29]} Rg6 {[%emt 0:05:16]} 42. f7+ {[%emt 0:15:37]} Kxf7 {[%emt 0:19:15]} 43. Qh7+ {[%emt 0:01:02]} Kf6 {[%emt 0:02:01]} 44. Qxc7 {[%emt 0:00:49]} Qxd5 {[%emt 0:03:02]} 45. Qd8+ {[%emt 0:00:50]} Ke5 {[%emt 0:06:50]} 46. Qe8+ {[%emt 0:06:29]} Qe6 {[%emt 0:03:00]} 47. Qxe6+ {[%emt 0:03:27]} Rxe6 {[%emt 0:00:43]} 48. Bxa6 {[%emt 0:00:07]} Kd4 {[%emt 0:06:06]} ({Black should try} 48... d5 $17 49. Bf1 Kd6) 49. Bb7 {[%emt 0:06:42]} Kc5 {[%emt 0:01:45]} 50. a6 {[%emt 0:05:04]} Kb6 {[%emt 0:00:23]} 51. b4 {[%emt 0:02:07]} Re5 {[%emt 0:00:55]} 52. g4 {[%emt 0:01:52]} fxg3 {[%emt 0:00:52]} 53. fxg3 {[%emt 0:00:07]} d5 {[%emt 0:00:19]} 54. Kf2 {[%emt 0:02:56]} d4 {[%emt 0:01:33]} 55. g4 {[%emt 0:03:14]} d3 {[%emt 0:00:43]} 56. b5 $19 {[%emt 0:01:07]} d2 {[%emt 0:03:57]} 57. Bf3 {[%emt 0:00:04]} Rxb5 {[%emt 0:00:55]} 58. Ke2 {[%emt 0:01:33]} Rb3 {[%emt 0:01:22]} 59. Bb7 {[%emt 0:00:36]} Rg3 {[%emt 0:00:23]} 60. Kxd2 {[%emt 0:00:52]} 1/2-1/2

[Event "BL 2018-19"]
[Site "Berlin"]
[Date "2019.04.07"]
[Round "15.5"]
[White "Predojevic, Borki"]
[Black "Keymer, Vincent"]
[Result "1/2-1/2"]
[WhiteElo "2626"]
[BlackElo "2502"]
[Annotator "TA"]
[PlyCount "75"]
[EventDate "2018.11.10"]
[EventType "team-tourn"]
[EventCountry "GER"]
[SourceTitle "playchess.com"]
[Source "ChessBase"]
[SourceQuality "1"]
[WhiteTeam "Solingen"]
[BlackTeam "SF Deizisau"]

{[%evp 9,75,-7,-2,-2,-1,-4,-7,-8,-10,-11,-7,-9,0,0,0,0,0,0,0,0,17,-9,-8,-22,-14,-31,0,0,0,0,0,0,0,-12,-12,-13,-13,-14,15,16,16,8,10,22,81,78,81,91,87,79,158,158,158,160,160,159,155,170,154,91,65,52,57,0,80,0,69,0]} 1. c4 e6 2. g3 d5 3. Bg2 d4 4. b4 (4. Nf3 Nf6 5. O-O c5 6. e3 Nc6 7. exd4 cxd4 8. d3 Be7 9. Re1 O-O 10. Na3 Ne8 11. Nc2 f6 12. b4 Bxb4 13. Nxb4 Nxb4 14. Qb3 Nc6 15. Ba3 Rf7 16. c5 {0-1 (51) Ding,L (2777)-Korobov,A (2652) Huaian 2017}) 4... e5 5. a3 $146 ({Predecessor:} 5. Na3 Nf6 6. Nc2 a5 7. b5 Bc5 8. d3 O-O 9. Nf3 Re8 10. O-O h6 11. Nd2 Nbd7 {½-½ (59) Stocek,J (2576)-Blohberger,F (2447) Skopje 2018}) 5... h5 6. h4 {A13: English Opening: 1...e6} a5 7. b5 Nh6 8. d3 {The position is equal.} Ng4 9. Nf3 Be7 10. Nbd2 O-O 11. O-O a4 12. Ne4 Bf5 13. Nh2 Nd7 14. Nxg4 Bxg4 15. f3 Bf5 16. f4 Qc8 17. e3 Nc5 18. Nxc5 Bxc5 19. e4 Bg4 20. Bf3 f5 21. exf5 (21. Qe2 {with more complications.} exf4 22. Bxf4 fxe4 23. Bxg4 hxg4 24. Qxe4 c6 25. bxc6 Qxc6 26. Qe2) 21... Qxf5 22. Bxg4 hxg4 23. fxe5 Qxe5 24. Qxg4 {Bf4 is the strong threat.} Rxf1+ 25. Kxf1 Rf8+ 26. Kg2 c6 (26... Qe1 $11 {keeps the balance.} 27. Bh6 {[%mdl 64] Discovered Attack} Rf2+ 28. Kh3 Qe7) 27. Bf4 $36 {[%mdl 2048] White is on the roll.} Qe7 28. bxc6 bxc6 29. h5 {aiming for h6.} Re8 ({Black should play} 29... Bd6) 30. h6 Qe2+ 31. Qxe2 Rxe2+ {[%mdl 4096] Endgame KRB-KRB} 32. Kf3 Re7 33. hxg7 Kxg7 {[#]} 34. Bd2 (34. Rh1 $142 $1) 34... Rf7+ 35. Ke2 Re7+ 36. Kf3 Rf7+ 37. Ke2 Re7+ $1 38. Kf3 {Accuracy: White = 64%, Black = 58%.} (38. Kf2 $1 $14) 1/2-1/2

[Event "BL 2018-19"]
[Site "Berlin"]
[Date "2019.04.07"]
[Round "15.5"]
[White "Heinemann, Thies"]
[Black "Schreiner, Peter"]
[Result "1/2-1/2"]
[WhiteElo "2521"]
[BlackElo "2480"]
[Annotator "ChessBase"]
[PlyCount "53"]
[EventDate "2018.11.10"]
[EventType "team-tourn"]
[EventCountry "GER"]
[SourceTitle "playchess.com"]
[Source "ChessBase"]
[SourceQuality "1"]
[WhiteTeam "Hamburg SK"]
[BlackTeam "SF Berlin"]
[TimeControl "40/6000+30:3000+30"]

1. e4 {[%emt 0:00:00]} e5 {[%emt 0:00:00]} 2. Nf3 {[%emt 0:00:00]} Nc6 {[%emt 0:00:00]} 3. Bb5 {[%emt 0:00:00]} a6 {[%emt 0:00:00]} 4. Bxc6 {[%emt 0:00:00]} dxc6 {[%emt 0:00:00]} 5. O-O {[%emt 0:00:02]} Bd6 {[%emt 0:00:00]} 6. d4 {[%emt 0:00:50]} exd4 {[%emt 0:00:04]} 7. Qxd4 {[%emt 0:00:13]} f6 {[%emt 0:00:06]} 8. Be3 {[%emt 0:00:51]} Ne7 {[%emt 0:00:15]} 9. Nbd2 {[%emt 0:01:22]} Be6 {[%emt 0:00:09]} 10. Rfd1 {[%emt 0:04:19]} Ng6 {[%emt 0:08:11]} 11. Nc4 {[%emt 0:05:36]} Bxc4 {[%emt 0:01:31]} 12. Qxc4 {[%emt 0:00:09]} Qe7 {[%emt 0:02:05]} 13. Bd4 {[%emt 0:20:11]} O-O-O {[%emt 0:07:56]} 14. Re1 {[%emt 0:02:02]} Rd7 {[%emt 0:26:12]} 15. Bc3 {[%emt 0:05:58]} Ne5 {[%emt 0:04:33]} 16. Nxe5 {[%emt 0:20:40]} Bxe5 {[%emt 0:00:13]} 17. Re2 {[%emt 0:03:56]} h5 {[%emt 0:09:46]} 18. Rae1 {[%emt 0:09:46]} h4 {[%emt 0:11:09]} 19. Re3 {[%emt 0:02:17]} Rhd8 {[%emt 0:05:30]} 20. a3 {[%emt 0:12:08]} g5 {[%emt 0:05:59]} 21. h3 {[%emt 0:05:28]} Rd1 {[%emt 0:08:35]} 22. Kf1 {[%emt 0:05:42]} Rxe1+ {[%emt 0:02:50]} 23. Kxe1 {[%emt 0:03:07]} Bf4 {[%emt 0:03:12]} 24. Bb4 {[%emt 0:01:47]} Qe5 {[%emt 0:06:45]} 25. Bc3 {[%emt 0:00:26]} Qe7 {[%emt 0:00:41]} 26. Bb4 {[%emt 0:00:55]} Qe5 {[%emt 0:02:11]} 27. Bc3 {[%emt 0:00:08]} 1/2-1/2

[Event "BL 2018-19"]
[Site "Berlin"]
[Date "2019.04.07"]
[Round "15.5"]
[White "Bromberger, Stefan"]
[Black "Womacka, Mathias"]
[Result "1-0"]
[WhiteElo "2474"]
[BlackElo "2449"]
[Annotator "ChessBase"]
[PlyCount "97"]
[EventDate "2018.11.10"]
[EventType "team-tourn"]
[EventCountry "GER"]
[SourceTitle "playchess.com"]
[Source "ChessBase"]
[SourceQuality "1"]
[WhiteTeam "Zugzwang Muenchen"]
[BlackTeam "SV Hofheim"]
[TimeControl "40/6000+30:3000+30"]

1. d4 {[%emt 0:00:00]} Nf6 {[%emt 0:00:00]} 2. c4 {[%emt 0:00:00]} e6 {[%emt 0:00:00]} 3. Nf3 {[%emt 0:00:00]} Bb4+ {[%emt 0:00:21]} 4. Nbd2 {[%emt 0:00:25]} O-O {[%emt 0:00:30]} 5. a3 {[%emt 0:00:07]} Be7 {[%emt 0:00:05]} 6. e4 {[%emt 0:00:09]} d5 {[%emt 0:00:09]} 7. e5 {[%emt 0:00:04]} Nfd7 {[%emt 0:00:03]} 8. Bd3 {[%emt 0:00:08]} c5 {[%emt 0:00:26]} 9. b4 {[%emt 0:00:06]} cxd4 {[%emt 0:26:01]} 10. cxd5 {[%emt 0:03:18]} exd5 {[%emt 0:00:10]} 11. O-O {[%emt 0:00:04]} a5 {[%emt 0:03:17]} 12. bxa5 {[%emt 0:23:49]} Nc5 {[%emt 0:12:43]} 13. Nb3 {[%emt 0:02:58]} Nxd3 {[%emt 0:19:36]} 14. Qxd3 {[%emt 0:00:02]} Nc6 {[%emt 0:00:04]} 15. Bd2 {[%emt 0:01:31]} b6 {[%emt 0:01:46]} 16. Rfc1 {[%emt 0:11:48]} Ba6 {[%emt 0:02:21]} 17. Qf5 {[%emt 0:00:53]} Bc4 {[%emt 0:10:00]} 18. Nfxd4 {[%emt 0:05:20]} Nxd4 {[%emt 0:00:35]} 19. Nxd4 {[%emt 0:00:05]} bxa5 {[%emt 0:00:07]} 20. Rc3 {[%emt 0:06:49]} Qb6 {[%emt 0:02:27]} 21. Rh3 {[%emt 0:06:09]} Qg6 {[%emt 0:20:20]} 22. Rg3 {[%emt 0:00:59]} Qb6 {[%emt 0:00:03]} 23. Be3 {[%emt 0:05:49]} Bc5 {[%emt 0:03:21]} 24. Rb1 {[%emt 0:01:37]} Qa6 {[%emt 0:00:15]} 25. e6 {[%emt 0:05:22]} fxe6 {[%emt 0:02:47]} 26. Rxg7+ {[%emt 0:00:41]} Kxg7 {[%emt 0:00:03]} 27. Nxe6+ {[%emt 0:00:20]} Kg8 {[%emt 0:00:11]} 28. Qg4+ {[%emt 0:01:19]} Kf7 {[%emt 0:00:04]} 29. Nxc5 {[%emt 0:00:12]} Qg6 {[%emt 0:00:21]} 30. Rb7+ {[%emt 0:04:10]} Kg8 {[%emt 0:00:06]} 31. Qxg6+ {[%emt 0:00:33]} hxg6 {[%emt 0:00:05]} 32. Bd4 {[%emt 0:00:08]} Rf7 {[%emt 0:05:44]} 33. Rb6 {[%emt 0:00:02]} Kh7 {[%emt 0:00:24]} 34. Ne6 {[%emt 0:00:26]} Re7 {[%emt 0:00:08]} 35. Bf6 {[%emt 0:01:35]} Rd7 {[%emt 0:01:00]} 36. Rc6 {[%emt 0:05:40]} Re8 {[%emt 0:00:32]} 37. h4 {[%emt 0:02:17]} a4 {[%emt 0:01:06]} 38. Ng5+ {[%emt 0:02:40]} Kh6 {[%emt 0:00:08]} 39. Nf3 {[%emt 0:00:20]} Bb3 {[%emt 0:01:32]} 40. Ne5 {[%emt 0:02:58]} Rxe5 {[%emt 0:00:23]} 41. Bxe5 {[%emt 0:50:07]} d4 {[%emt 0:50:05]} 42. Rc8 {[%emt 0:02:57]} g5 {[%emt 0:00:00]} 43. Rc6+ {[%emt 0:00:00]} Kh5 {[%emt 0:00:00]} 44. f3 {[%emt 0:00:00]} g4 {[%emt 0:00:00]} 45. Bf4 {[%emt 0:00:00]} gxf3 {[%emt 0:00:00]} 46. gxf3 {[%emt 0:00:00]} Rg7+ {[%emt 0:00:00]} 47. Kf2 {[%emt 0:00:00]} Rg6 {[%emt 0:00:00]} 48. Rc5+ {[%emt 0:00:00]} Kxh4 {[%emt 0:00:00]} 49. Rc1 {[%emt 0:00:00]} 1-0

[Event "BL 2018-19"]
[Site "Berlin"]
[Date "2019.04.07"]
[Round "15.6"]
[White "Donchenko, Alexander"]
[Black "Andersen, Mads"]
[Result "1/2-1/2"]
[WhiteElo "2607"]
[BlackElo "2594"]
[Annotator "TA"]
[PlyCount "68"]
[EventDate "2018.11.10"]
[EventType "team-tourn"]
[EventCountry "GER"]
[SourceTitle "playchess.com"]
[Source "ChessBase"]
[SourceQuality "1"]
[WhiteTeam "SF Deizisau"]
[BlackTeam "Solingen"]

{[%evp 16,68,13,28,12,13,12,6,12,10,43,37,50,43,41,45,50,0,37,0,10,13,21,19,32,0,47,0,0,0,0,0,0,0,0,0,0,0,21,12,8,8,33,-22,0,0,0,0,0,0,0,0,0,0,0]} 1. e4 c5 2. Nf3 d6 3. d4 cxd4 4. Nxd4 Nf6 5. Nc3 a6 6. Be2 e6 7. f4 Be7 8. Be3 O-O 9. g4 d5 {B84: Sicilian Scheveningen: 6 Be2 a6, lines without early Be3} (9... Nc6 10. g5 Nd7 11. Rg1 Re8 12. h4 Nxd4 13. Qxd4 b5 14. a3 Rb8 15. h5 Bf8 16. O-O-O Qa5 17. g6 fxg6 18. hxg6 {0-1 (36) So,W (2765)-Grandelius,N (2682) Caleta 2019}) 10. e5 Nfd7 11. h4 Nc6 12. g5 Nc5 $146 ({Predecessor:} 12... Nxd4 13. Bxd4 b5 14. a3 Bb7 {0-1 (37) Ladanyi,Z (1920)-Gaal,S (2092) Hungary 2001}) 13. Qd2 Bd7 14. a3 Rc8 15. h5 Qc7 16. Bd3 b5 17. Nxc6 Bxc6 18. Bd4 Ne4 19. Bxe4 dxe4 20. Rh3 Bb7 21. Qe3 Qc6 22. h6 {Black must now prevent hxg7.} g6 $1 23. Rh2 a5 24. a4 Bb4 {Threatens to win with ...bxa4.} 25. axb5 Qxb5 26. Kf2 Qc6 27. Kg3 Rfd8 28. Na4 Qb5 29. c3 ({Better is} 29. Kg4 $14) 29... Be7 {The position is equal.} 30. Qe2 Qb3 {[#] ...Rxd4 is the strong threat.} 31. Qd1 $1 {[%cal Rd1b3]} Qb5 32. Qf1 Qb3 33. Qd1 Qb5 34. Qf1 Qb3 {Accuracy: White = 61%, Black = 58%.} 1/2-1/2

[Event "BL 2018-19"]
[Site "Berlin"]
[Date "2019.04.07"]
[Round "15.6"]
[White "Blohberger, Felix"]
[Black "Rogozenco, Dorian"]
[Result "1-0"]
[WhiteElo "2434"]
[BlackElo "2495"]
[Annotator "ChessBase"]
[PlyCount "147"]
[EventDate "2018.11.10"]
[EventType "team-tourn"]
[EventCountry "GER"]
[SourceTitle "playchess.com"]
[Source "ChessBase"]
[SourceQuality "1"]
[WhiteTeam "SF Berlin"]
[BlackTeam "Hamburg SK"]
[TimeControl "40/6000+30:3000+30"]

1. e4 {[%emt 0:00:00]} d6 {[%emt 0:01:45]} 2. d4 {[%emt 0:00:00]} Nf6 {[%emt 0:00:06]} 3. Nc3 {[%emt 0:01:24]} e5 {[%emt 0:00:15]} 4. Nf3 {[%emt 0:00:06]} Nbd7 {[%emt 0:00:07]} 5. Bc4 {[%emt 0:19:51]} Be7 {[%emt 0:02:11]} 6. O-O {[%emt 0:01:56]} O-O {[%emt 0:00:49]} 7. Re1 {[%emt 0:00:04]} c6 {[%emt 0:00:10]} 8. a4 {[%emt 0:00:04]} a5 {[%emt 0:00:04]} 9. b3 {[%emt 0:01:22]} Nb6 {[%emt 0:01:46]} 10. Bf1 {[%emt 0:03:26]} exd4 {[%emt 0:06:52]} 11. Nxd4 {[%emt 0:00:31]} d5 {[%emt 0:00:07]} 12. e5 {[%emt 0:07:49]} Ne8 {[%emt 0:00:18]} 13. Bb2 {[%emt 0:03:22]} g6 {[%emt 0:09:03]} 14. Nce2 {[%emt 0:03:05]} Ng7 {[%emt 0:05:43]} 15. Nf4 {[%emt 0:01:10]} f6 {[%emt 0:24:17]} 16. Nd3 {[%emt 0:09:10]} fxe5 {[%emt 0:04:41]} 17. Nxe5 {[%emt 0:00:20]} Bf6 {[%emt 0:00:29]} 18. Qd2 {[%emt 0:13:07]} Qc7 {[%emt 0:09:29]} 19. Ndf3 {[%emt 0:02:58]} Bf5 {[%emt 0:13:00]} 20. Bd3 {[%emt 0:01:02]} Bxd3 {[%emt 0:11:06]} 21. Qxd3 {[%emt 0:16:44]} Nf5 {[%emt 0:01:18]} 22. Rad1 {[%emt 0:04:41]} Rad8 {[%emt 0:04:31]} 23. Bc3 {[%emt 0:01:21]} Nc8 {[%emt 0:00:29]} 24. Ng4 {[%emt 0:01:19]} Bxc3 {[%emt 0:09:50]} 25. Qxc3 {[%emt 0:00:05]} Rd6 {[%emt 0:02:47]} 26. Ng5 {[%emt 0:07:36]} h5 {[%emt 0:00:53]} 27. Ne3 {[%emt 0:04:57]} Qd8 {[%emt 0:00:50]} 28. Nxf5 {[%emt 0:01:28]} Rxf5 {[%emt 0:00:05]} 29. h4 {[%emt 0:01:10]} Rf8 {[%emt 0:00:54]} 30. Re2 {[%emt 0:01:44]} b6 {[%emt 0:00:18]} 31. Rde1 {[%emt 0:00:45]} Qf6 {[%emt 0:00:37]} 32. Qd3 {[%emt 0:01:28]} Qf5 {[%emt 0:00:33]} 33. Qd4 {[%emt 0:01:23]} c5 {[%emt 0:00:30]} 34. Qc3 {[%emt 0:00:50]} Rdf6 {[%emt 0:00:29]} 35. f3 Nd6 {[%emt 0:00:36]} 36. Re7 {[%emt 0:01:09]} d4 {[%emt 0:00:27]} 37. Qd2 {[%emt 0:00:06]} Nf7 {[%emt 0:00:23]} 38. Nxf7 {[%emt 0:00:45]} R6xf7 {[%emt 0:00:38]} 39. Qh6 {[%emt 0:00:37]} d3 {[%emt 0:00:33]} 40. cxd3 {[%emt 0:00:25]} c4 {[%emt 0:00:03]} 41. Rxf7 {[%emt 0:02:39]} Qxf7 {[%emt 0:14:41]} 42. bxc4 {[%emt 0:09:22]} Re8 {[%emt 0:14:40]} 43. Rb1 {[%emt 0:08:05]} Qf6 {[%emt 0:03:03]} 44. Qg5 {[%emt 0:02:00]} Qd4+ {[%emt 0:01:41]} 45. Kh2 {[%emt 0:02:21]} Kg7 {[%emt 0:05:59]} 46. Rb5 {[%emt 0:03:34]} Qd6+ {[%emt 0:09:29]} 47. Qg3 {[%emt 0:00:43]} Qxd3 {[%emt 0:02:22]} 48. Rxb6 {[%emt 0:02:15]} Re7 {[%emt 0:01:04]} 49. Qg5 {[%emt 0:00:36]} Rf7 {[%emt 0:00:29]} 50. Qe5+ {[%emt 0:07:51]} Kh7 {[%emt 0:00:05]} 51. Rb8 {[%emt 0:00:38]} Rg7 {[%emt 0:00:04]} 52. Rc8 {[%emt 0:05:07]} Qd7 {[%emt 0:01:40]} 53. Qb8 {[%emt 0:01:58]} Rf7 {[%emt 0:01:06]} 54. Rh8+ {[%emt 0:00:24]} Kg7 {[%emt 0:00:05]} 55. Qe5+ {[%emt 0:00:06]} Rf6 {[%emt 0:00:13]} 56. Ra8 {[%emt 0:00:15]} Kf7 {[%emt 0:01:41]} 57. Rf8+ {[%emt 0:04:52]} Kxf8 {[%emt 0:00:25]} 58. Qxf6+ {[%emt 0:00:06]} Kg8 {[%emt 0:00:39]} 59. Qxg6+ {[%emt 0:00:06]} Kf8 {[%emt 0:00:03]} 60. Qf6+ {[%emt 0:00:15]} Kg8 {[%emt 0:00:23]} 61. Qg5+ {[%emt 0:00:12]} Kf8 {[%emt 0:00:04]} 62. Qxa5 {[%emt 0:02:14]} Qd6+ {[%emt 0:00:02]} 63. g3 {[%emt 0:00:24]} Qd1 {[%emt 0:00:18]} 64. Qc5+ {[%emt 0:02:36]} Kg7 {[%emt 0:00:14]} 65. Qe5+ {[%emt 0:00:38]} Kf8 {[%emt 0:00:48]} 66. Qh8+ {[%emt 0:00:44]} Ke7 {[%emt 0:00:11]} 67. Qg7+ {[%emt 0:01:46]} Ke8 {[%emt 0:01:18]} 68. Qe5+ {[%emt 0:00:35]} Kf8 {[%emt 0:00:08]} 69. Qh8+ {[%emt 0:00:57]} Ke7 {[%emt 0:00:07]} 70. Qxh5 {[%emt 0:00:17]} Qe2+ {[%emt 0:00:57]} 71. Kh3 {[%emt 0:00:05]} Qf1+ {[%emt 0:00:30]} 72. Kg4 {[%emt 0:00:19]} Qxc4+ {[%emt 0:00:07]} 73. f4 {[%emt 0:00:07]} Qe6+ {[%emt 0:02:14]} 74. Qf5 {[%emt 0:00:19]} 1-0